[Event "Gatineau Pentes enneigees"]
[Site "Gatineau"]
[Date "2019.02.19"]
[Round "4"]
[White "Bastien, Andre"]
[Black "Lavergne, Daniel"]
[Result "1-0"]
[WhiteElo "1783"]
[BlackElo "1618"]
[PlyCount "89"]
[EventDate "2019.01.22"]
[EventType "swiss"]
[EventRounds "5"]
[EventCountry "CAN"]
[SourceTitle "EXT 2022"]
[Source "ChessBase"]
[SourceDate "2021.10.06"]
[SourceVersion "1"]
[SourceVersionDate "2021.10.06"]
[SourceQuality "1"]

1. d4 Nf6 2. Nf3 g6 3. c4 Bg7 4. Nc3 0-0 5. Bg5 d6 6. h3 c6 7. e3 Qc7 8. Be2 Nbd7 9. 0-0 Re8 10. Rc1 e5 11. b4 Nf8 12. c5 e4 13. Nd2 d5 14. Bf4 Qd7 15. b5 Ne6 16. Bd6 Nc7 17. Qa4 g5 18. Qa5 b6 19. Qa4 bxc5 20. Bxc7 cxd4 21. bxc6 Qxc7 22. Nb5 Qe7 23. Nxd4 g4 24. h4 Nh5 25. g3 Rb8 26. Rb1 Rxb1 27. Rxb1 Qe5 28. Kg2 f5 29. Nb5 Bh6 30. Qd4 Qxd4 31. Nxd4 Bg7 32. Rb4 Kf7 33. Ra4 Bxd4 34. Rxd4 Ke6 35. Ra4 Re7 36. Nb3 Kd6 37. Nd4 Ng7 38. Bd1 Ne8 39. Bb3 a6 40. Rb4 Nc7 41. Rb8 Be6 42. Rd8+ Ke5 43. Kf1 Nb5 44. Nxe6 Rxe6 45. Rxd5+ 1-0

[Event "Gatineau Rentree Hull"]
[Site "Gatineau"]
[Date "2018.09.25"]
[Round "3"]
[White "Laurin, Jacques"]
[Black "Lavergne, Daniel"]
[Result "1-0"]
[WhiteElo "1844"]
[BlackElo "1637"]
[PlyCount "39"]
[EventDate "2018.09.11"]
[EventType "swiss"]
[EventRounds "5"]
[EventCountry "CAN"]
[SourceTitle "EXT 2022"]
[Source "ChessBase"]
[SourceDate "2021.10.06"]
[SourceVersion "1"]
[SourceVersionDate "2021.10.06"]
[SourceQuality "1"]

1. c4 e5 2. Nc3 Nf6 3. g3 Bb4 4. Bg2 Bxc3 5. bxc3 d5 6. cxd5 Nxd5 7. Ba3 Nc6 8. c4 Nb6 9. Bxc6+ bxc6 10. Qc2 Be6 11. d3 h5 12. Nf3 f6 13. c5 Nd5 14. d4 exd4 15. Nxd4 Qd7 16. Rd1 0-0-0 17. Qd3 Kb8 18. Qa6 Ne7 19. Rb1+ Ka8 20. Qb7# 1-0

[Event "Gatineau Rentree Hull"]
[Site "Gatineau"]
[Date "2018.09.11"]
[Round "1"]
[White "Lavergne, Daniel"]
[Black "Jobin, Gilles G"]
[Result "1/2-1/2"]
[WhiteElo "1637"]
[BlackElo "1843"]
[PlyCount "43"]
[EventDate "2018.09.11"]
[EventType "swiss"]
[EventRounds "5"]
[EventCountry "CAN"]
[SourceTitle "EXT 2022"]
[Source "ChessBase"]
[SourceDate "2021.10.06"]
[SourceVersion "1"]
[SourceVersionDate "2021.10.06"]
[SourceQuality "1"]

1. d4 d6 2. c4 e5 3. dxe5 dxe5 4. Qxd8+ Kxd8 5. e4 Nc6 6. Nf3 f6 7. Be2 Bb4+ 8. Nbd2 Bg4 9. 0-0 Nge7 10. Nb3 Bxf3 11. Bxf3 Na5 12. Nxa5 Bxa5 13. Rd1+ Ke8 14. Be3 c6 15. Rab1 f5 16. b4 Bb6 17. c5 Bc7 18. b5 f4 19. Bc1 Rd8 20. bxc6 Rxd1+ 21. Bxd1 bxc6 22. Rb7 1/2-1/2

[Event "Outaouais-ch Reserves"]
[Site "Gatineau"]
[Date "2018.05.01"]
[Round "5"]
[White "Raymond, Robert"]
[Black "Lavergne, Daniel"]
[Result "0-1"]
[WhiteElo "1292"]
[BlackElo "1695"]
[PlyCount "98"]
[EventDate "2018.04.03"]
[EventType "swiss"]
[EventRounds "7"]
[EventCountry "CAN"]
[SourceTitle "EXT 2022"]
[Source "ChessBase"]
[SourceDate "2021.10.06"]
[SourceVersion "1"]
[SourceVersionDate "2021.10.06"]
[SourceQuality "1"]

1. e4 e5 2. Nf3 Nc6 3. Bb5 a6 4. Ba4 Nf6 5. Qe2 b5 6. Bb3 Bc5 7. h3 0-0 8. 0-0 d6 9. c3 Bb7 10. d3 h6 11. Be3 Qe7 12. Bc2 Nd7 13. Nbd2 b4 14. d4 exd4 15. cxd4 Bb6 16. Qd3 a5 17. b3 Ba6 18. Nc4 Rae8 19. Qd2 Nf6 20. Rfe1 Bxc4 21. bxc4 b3 22. axb3 Nb4 23. Bb1 Nxe4 24. Bxe4 Qxe4 25. d5 Bxe3 26. Rxe3 Qc2 27. Rxe8 Rxe8 28. Re1 Rxe1+ 29. Qxe1 Qxb3 30. Qe8+ Kh7 31. Qb5 a4 32. c5 Nd3 33. Qxb3 axb3 34. cxd6 b2 35. Nd2 cxd6 36. Kf1 Nf4 37. h4 Nxd5 38. Ke1 Nc3 39. g3 b1Q+ 40. Nxb1 Nxb1 41. Ke2 Kg6 42. f3 Kf5 43. Ke3 Nc3 44. g4+ Ke5 45. f4+ Kd5 46. Kd3 Nd1 47. g5 hxg5 48. hxg5 g6 49. Ke2 Ke4 0-1

[Event "Laval op"]
[Site "Laval"]
[Date "2016.06.26"]
[Round "7.9"]
[White "Mathieu, Guillaume"]
[Black "Lavergne, Daniel"]
[Result "1/2-1/2"]
[WhiteElo "2037"]
[BlackElo "1818"]
[PlyCount "98"]
[EventDate "2016.06.23"]
[EventType "swiss"]
[EventRounds "7"]
[EventCountry "CAN"]
[SourceTitle "EXT 2022"]
[Source "ChessBase"]
[SourceDate "2021.10.06"]
[SourceVersion "1"]
[SourceVersionDate "2021.10.06"]
[SourceQuality "1"]

1. e4 e5 2. Nf3 Nc6 3. Bb5 a6 4. Ba4 Nge7 5. 0-0 g6 6. d3 h6 7. c3 Bg7 8. d4 b5 9. Bb3 d6 10. dxe5 dxe5 11. Qxd8+ Nxd8 12. a4 Bb7 13. axb5 axb5 14. Rxa8 Bxa8 15. Na3 Bxe4 16. Nxb5 0-0 17. Nxc7 Bd3 18. Rd1 e4 19. Ne1 Be2 20. Rd2 Bg4 21. h3 Bc8 22. Rd6 Be5 23. Nb5 Bxd6 24. Nxd6 Be6 25. Bc2 Kg7 26. Nxe4 Ndc6 27. Nd3 Ra8 28. Kh2 Ra2 29. Ndc5 Bd5 30. Nd6 Na5 31. Nd7 f5 32. Ne8+ Kf7 33. Nd6+ Ke6 34. Nxf5 gxf5 35. Nc5+ Kf6 36. Bd3 Nb3 37. Nxb3 Bxb3 38. g4 fxg4 39. hxg4 Nc6 40. f4 Ra1 41. g5+ hxg5 42. fxg5+ Kg7 43. Bf4 Na5 44. Be5+ Kg8 45. Kg3 Rd1 46. Bf5 Rd2 47. c4 Bxc4 48. Bc3 Re2 49. Bg4 Rc2 1/2-1/2

[Event "Laval op"]
[Site "Laval"]
[Date "2016.06.25"]
[Round "4.9"]
[White "Have, Didier"]
[Black "Lavergne, Daniel"]
[Result "1-0"]
[WhiteElo "1974"]
[BlackElo "1818"]
[PlyCount "63"]
[EventDate "2016.06.23"]
[EventType "swiss"]
[EventRounds "7"]
[EventCountry "CAN"]
[SourceTitle "EXT 2022"]
[Source "ChessBase"]
[SourceDate "2021.10.06"]
[SourceVersion "1"]
[SourceVersionDate "2021.10.06"]
[SourceQuality "1"]

1. e4 e5 2. Nc3 Nf6 3. Bc4 Nxe4 4. Qh5 Nd6 5. Bb3 Nc6 6. Nb5 g6 7. Qf3 f5 8. Qd5 Qf6 9. Nxc7+ Kd8 10. Nxa8 b6 11. d3 Bb7 12. Qf3 Nd4 13. Qh3 Bxa8 14. c3 Ne6 15. Bxe6 Qxe6 16. Bg5+ Kc7 17. Nf3 Bg7 18. Bh6 Bf6 19. 0-0 Nf7 20. d4 Bxf3 21. gxf3 f4 22. Qxe6 dxe6 23. dxe5 Bxe5 24. Rfe1 Bd6 25. Bg7 Re8 26. h4 b5 27. Bd4 e5 28. c4 Ra8 29. c5 exd4 30. cxd6+ Kxd6 31. Re4 Kc5 32. Rc1+ 1-0

[Event "Laval op"]
[Site "Laval"]
[Date "2016.06.24"]
[Round "3.6"]
[White "Lavergne, Daniel"]
[Black "Soudre, Nicolas"]
[Result "1/2-1/2"]
[WhiteElo "1818"]
[BlackElo "2084"]
[PlyCount "64"]
[EventDate "2016.06.23"]
[EventType "swiss"]
[EventRounds "7"]
[EventCountry "CAN"]
[SourceTitle "EXT 2022"]
[Source "ChessBase"]
[SourceDate "2021.10.06"]
[SourceVersion "1"]
[SourceVersionDate "2021.10.06"]
[SourceQuality "1"]

1. e4 e5 2. Nf3 Nc6 3. d4 exd4 4. Nxd4 Nf6 5. Nxc6 bxc6 6. Bd3 Bc5 7. Nc3 d5 8. Qf3 Be6 9. h3 Rb8 10. e5 Nd7 11. Qg3 Bd4 12. f4 g6 13. Be3 Bxe3 14. Qxe3 c5 15. Qf2 c4 16. f5 cxd3 17. fxe6 fxe6 18. 0-0 Rf8 19. Qxa7 dxc2 20. Rxf8+ Kxf8 21. Qf2+ Kg7 22. Qxc2 Qe7 23. Re1 Qc5+ 24. Kh1 d4 25. Qd2 Nxe5 26. Na4 Qd5 27. Qf4 Nf7 28. Qxc7 Rb7 29. Qc5 Qxc5 30. Nxc5 Rxb2 31. Nxe6+ Kf6 32. Nxd4 Rxa2 1/2-1/2

[Event "Gatineau Judith Polgar"]
[Site "Gatineau"]
[Date "2015.02.10"]
[Round "5"]
[White "Lavergne, Daniel"]
[Black "Desjardins, Michel"]
[Result "0-1"]
[WhiteElo "1755"]
[BlackElo "1892"]
[PlyCount "106"]
[EventDate "2015.01.13"]
[EventType "swiss"]
[EventRounds "5"]
[EventCountry "CAN"]
[SourceTitle "EXT 2022"]
[Source "ChessBase"]
[SourceDate "2021.10.06"]
[SourceVersion "1"]
[SourceVersionDate "2021.10.06"]
[SourceQuality "1"]

1. e4 d5 2. exd5 Qxd5 3. Nc3 Qd6 4. d4 Nf6 5. Nf3 a6 6. Ne5 Nc6 7. Nxc6 Qxc6 8. d5 Qd6 9. h3 e6 10. Qf3 exd5 11. Bf4 Qe6+ 12. Be2 Bd6 13. 0-0-0 c6 14. Rhe1 0-0 15. Bd3 Bxf4+ 16. Qxf4 Qd7 17. g4 Rd8 18. Re5 Re8 19. Bf5 Qd6 20. Bxh7+ Kf8 21. Rxe8+ Nxe8 22. Qxd6+ Nxd6 23. Bd3 f5 24. f3 Kf7 25. Re1 Bd7 26. Na4 Rh8 27. Nc5 Bc8 28. Bf1 g5 29. a4 a5 30. c3 f4 31. b3 Re8 32. Rxe8 Kxe8 33. Nd3 Nf7 34. h4 gxh4 35. Nxf4 Ng5 36. Bg2 Kf7 37. Kd2 Be6 38. Kd3 c5 39. Nxe6 Nxe6 40. Ke3 d4+ 41. cxd4 cxd4+ 42. Kd2 Nf4 43. Bh1 b6 44. Kc2 Ke6 45. Kd2 Kd6 46. g5 Ke5 47. g6 Kf6 48. g7 Kxg7 49. b4 axb4 50. Kc2 Kf6 51. Kb3 d3 52. Kxb4 d2 53. Kb5 d1Q 0-1

[Event "Quebec-ch Amateur U2000"]
[Site "Montreal"]
[Date "2014.10.12"]
[Round "4"]
[White "Lavergne, Daniel"]
[Black "Li, Yilin"]
[Result "1-0"]
[WhiteElo "1722"]
[BlackElo "1761"]
[PlyCount "125"]
[EventDate "2014.10.10"]
[EventType "swiss"]
[EventRounds "7"]
[EventCountry "CAN"]
[SourceTitle "EXT 2022"]
[Source "ChessBase"]
[SourceDate "2021.10.06"]
[SourceVersion "1"]
[SourceVersionDate "2021.10.06"]
[SourceQuality "1"]

1. e4 c5 2. Nf3 d6 3. d4 cxd4 4. Nxd4 Nf6 5. Nc3 e6 6. g4 h6 7. Rg1 g5 8. Be3 a6 9. Qd2 b5 10. f3 Nbd7 11. 0-0-0 Bb7 12. h4 gxh4 13. g5 hxg5 14. Bxg5 Qc7 15. Bh3 b4 16. Nd5 exd5 17. exd5 Nxd5 18. Rde1+ Be7 19. Nf5 Ne5 20. Bxe7 Nxe7 21. Nxd6+ Kf8 22. Rxe5 Rd8 23. Qg5 Rh7 24. Rxe7 Qxd6 25. Rxb7 Qh6 26. Qxh6+ Rxh6 27. Rxb4 Re8 28. Re4 Rd8 29. Rd1 Rb8 30. c4 a5 31. Kc2 Rhb6 32. b3 a4 33. Rd3 Ra8 34. Rxh4 axb3+ 35. axb3 Ra2+ 36. Kc3 Ra3 37. Kb2 Rba6 38. c5 Ra2+ 39. Kc3 Ra1 40. Rc4 Ra8 41. c6 Rc1+ 42. Kb4 Rb8+ 43. Kc5 Ra1 44. c7 Ra5+ 45. Kc6 Ra6+ 46. Kd7 Ra7 47. Kd6 Rb6+ 48. Rc6 Rxc7 49. Kxc7 Rb4 50. Kd7 Kg7 51. Bf5 Rf4 52. Be4 f5 53. Bd5 Rb4 54. Ke6 Kg6 55. Bc4 Rb8 56. Ke5+ Kg5 57. f4+ Kg4 58. Rg6+ Kh4 59. Rd1 Re8+ 60. Be6 Kh5 61. Rg2 Rxe6+ 62. Kxe6 Kh6 63. Rh1# 1-0

[Event "Quebec-ch Amateur U2000"]
[Site "Montreal"]
[Date "2014.10.11"]
[Round "3"]
[White "Alcantara, Maximo Jr"]
[Black "Lavergne, Daniel"]
[Result "1/2-1/2"]
[WhiteElo "1702"]
[BlackElo "1722"]
[PlyCount "116"]
[EventDate "2014.10.10"]
[EventType "swiss"]
[EventRounds "7"]
[EventCountry "CAN"]
[SourceTitle "EXT 2022"]
[Source "ChessBase"]
[SourceDate "2021.10.06"]
[SourceVersion "1"]
[SourceVersionDate "2021.10.06"]
[SourceQuality "1"]

1. d4 Nf6 2. Bf4 c5 3. c3 e6 4. Nf3 d5 5. e3 Qb6 6. Qb3 Qxb3 7. axb3 a6 8. h3 Be7 9. Bd3 0-0 10. 0-0 Nc6 11. Ne5 Nxe5 12. Bxe5 Nd7 13. Bh2 f5 14. Nd2 Rf7 15. Nf3 g5 16. Ne5 Nxe5 17. Bxe5 Bd7 18. f4 Rc8 19. g3 c4 20. bxc4 dxc4 21. Be2 Bf6 22. Bxf6 Rxf6 23. fxg5 Rg6 24. Kh2 Rxg5 25. Bf3 Bc6 26. Ra5 Bxf3 27. Rxf3 Rc6 28. e4 b5 29. h4 fxe4 30. Re3 Rg4 31. Ra1 e5 32. dxe5 Re6 33. Kh3 h5 34. Kg2 Kg7 35. Kh3 Rxe5 36. Rxa6 Rd5 37. Re6 Rd2 38. Re5 Rd3 39. R5xe4 Rxe4 40. Rxe4 Kf6 41. Re2 Kf5 42. Kg2 Kg4 43. Re4+ Kf5 44. Rf4+ Ke5 45. Rf2 Re3 46. Rf3 Re2+ 47. Rf2 Re3 48. Kh3 Ke4 49. Rf8 Rd3 50. Rb8 Rd5 51. Rf8 Rd2 52. Rh8 Rxb2 53. Rxh5 Kd3 54. Rd5+ Kxc3 55. h5 Kb4 56. h6 c3 57. h7 c2 58. h8Q c1Q 1/2-1/2

[Event "Gatineau Outaouais op U1900"]
[Site "Gatineau"]
[Date "2014.06.??"]
[Round "3"]
[White "Vlasenko, Konstantin"]
[Black "Lavergne, Daniel"]
[Result "0-1"]
[WhiteElo "1609"]
[BlackElo "1747"]
[PlyCount "42"]
[EventDate "2014.06.??"]
[EventType "swiss"]
[EventRounds "5"]
[EventCountry "CAN"]
[SourceTitle "EXT 2022"]
[Source "ChessBase"]
[SourceDate "2021.10.06"]
[SourceVersion "1"]
[SourceVersionDate "2021.10.06"]
[SourceQuality "1"]

1. d4 Nf6 2. c4 g6 3. Nc3 d5 4. e3 c6 5. Bd3 Bg7 6. Nge2 0-0 7. e4 dxe4 8. Nxe4 Nxe4 9. Bxe4 Qb6 10. b3 Nd7 11. Be3 Qa5+ 12. Bd2 Qc7 13. Qc1 e5 14. Bh6 exd4 15. Bxg7 Kxg7 16. h4 Qe5 17. Ng3 Nf6 18. f4 Qe7 19. Qc2 Nxe4 20. Qxe4 Qxe4+ 21. Nxe4 Re8 0-1

[Event "Gatineau CC-ch semi rapid"]
[Site "Gatineau"]
[Date "2014.03.25"]
[Round "5"]
[White "Lavergne, Daniel"]
[Black "Akrib, Fouad"]
[Result "0-1"]
[WhiteElo "1586"]
[BlackElo "1500"]
[PlyCount "38"]
[EventDate "2014.03.25"]
[EventType "swiss (rapid)"]
[EventRounds "6"]
[EventCountry "CAN"]
[SourceTitle "EXT 2022"]
[Source "ChessBase"]
[SourceDate "2021.10.06"]
[SourceVersion "1"]
[SourceVersionDate "2021.10.06"]
[SourceQuality "1"]

1. d4 Nf6 2. c4 e5 3. dxe5 Ng4 4. Nf3 Bc5 5. e3 Nc6 6. Be2 0-0 7. 0-0 Ngxe5 8. a3 a5 9. Nc3 d6 10. Nd5 Bf5 11. Nd4 Qd7 12. Nxf5 Qxf5 13. Rb1 Qxb1 14. f4 Ng6 15. Bd3 Qa1 16. Qh5 f5 17. Bd2 Qxb2 18. Bc3 Bxe3+ 19. Kh1 Qxa3 0-1

[Event "Gatineau Benevoles"]
[Site "Gatineau"]
[Date "2013.12.24"]
[Round "3"]
[White "Gagnon, Fabien"]
[Black "Lavergne, Daniel"]
[Result "1-0"]
[WhiteElo "1918"]
[BlackElo "1781"]
[PlyCount "53"]
[EventDate "2013.12.10"]
[EventType "swiss"]
[EventRounds "4"]
[EventCountry "CAN"]
[SourceTitle "EXT 2022"]
[Source "ChessBase"]
[SourceDate "2021.10.06"]
[SourceVersion "1"]
[SourceVersionDate "2021.10.06"]
[SourceQuality "1"]

1. Nf3 d5 2. g3 c6 3. Bg2 Nf6 4. c4 dxc4 5. Qc2 Nbd7 6. Na3 e5 7. Nxc4 Qc7 8. 0-0 b5 9. Ne3 Bb7 10. d4 exd4 11. Nxd4 Bc5 12. Ndf5 g6 13. Nh6 Bxe3 14. Bxe3 c5 15. Bxb7 Qxb7 16. Bxc5 Rc8 17. b4 Nxc5 18. bxc5 Kf8 19. Qb2 Qc6 20. Rfd1 Kg7 21. Rd6 Qxc5 22. Qxf6+ Kxh6 23. Rd4 Rhe8 24. Rh4+ Qh5 25. Rxh5+ Kxh5 26. Rd1 h6 27. Qh4# 1-0

[Event "Gatineau Benevoles"]
[Site "Gatineau"]
[Date "2013.12.17"]
[Round "2"]
[White "Jobin, Gilles G"]
[Black "Lavergne, Daniel"]
[Result "0-1"]
[WhiteElo "1756"]
[BlackElo "1781"]
[PlyCount "136"]
[EventDate "2013.12.10"]
[EventType "swiss"]
[EventRounds "4"]
[EventCountry "CAN"]
[SourceTitle "EXT 2022"]
[Source "ChessBase"]
[SourceDate "2021.10.06"]
[SourceVersion "1"]
[SourceVersionDate "2021.10.06"]
[SourceQuality "1"]

1. Nf3 d5 2. g3 c6 3. Bg2 Nf6 4. d3 e6 5. 0-0 Nbd7 6. Nbd2 Bc5 7. d4 Bd6 8. c3 0-0 9. Qc2 Re8 10. e4 dxe4 11. Ng5 e3 12. fxe3 h6 13. Nde4 Be7 14. Nxf6+ Bxf6 15. Qh7+ Kf8 16. Ne4 Ke7 17. Nxf6 gxf6 18. Qxh6 Rh8 19. Qf4 Qa5 20. b3 Qh5 21. Ba3+ c5 22. dxc5 Qxh2+ 23. Kf2 Ne5 24. c6+ Ke8 25. Qe4 Rg8 26. Ke2 Rxg3 27. Rf2 Qh5+ 28. Kd2 bxc6 29. Rh1 Qg4 30. Rh8+ Kd7 31. Kc2 Qxe4+ 32. Bxe4 Rxe3 33. Rd2+ Kc7 34. Bd6+ Kb6 35. Rd4 a5 36. Kd2 Re2+ 37. Kd1 Rxa2 38. Bxe5 fxe5 39. Rdd8 f5 40. Bb1 Rg2 41. Rxc8 Rxc8 42. Rxc8 Rg1+ 43. Kc2 e4 44. Rd8 e3 45. Rd1 Rg2+ 46. Kd3 f4 47. Ke4 e5 48. Bd3 Rb2 49. Re1 Rd2 50. Be2 Rb2 51. Kxe5 Rxb3 52. Kxf4 Rxc3 53. Ke4 Kc5 54. Ra1 Kb4 55. Rb1+ Ka3 56. Ra1+ Kb4 57. Rb1+ Rb3 58. Ra1 Rb2 59. Kxe3 a4 60. Bd1 a3 61. Kd3 c5 62. Bc2 c4+ 63. Kd2 a2 64. Rh1 Rb3 65. Bxb3 cxb3 66. Rh4+ Ka3 67. Rh1 b2 68. Kc2 a1Q 0-1

[Event "Gatineau Benevoles"]
[Site "Gatineau"]
[Date "2013.12.10"]
[Round "1"]
[White "Lavergne, Daniel"]
[Black "Groleau, Gilles"]
[Result "0-1"]
[WhiteElo "1781"]
[BlackElo "1904"]
[PlyCount "72"]
[EventDate "2013.12.10"]
[EventType "swiss"]
[EventRounds "4"]
[EventCountry "CAN"]
[SourceTitle "EXT 2022"]
[Source "ChessBase"]
[SourceDate "2021.10.06"]
[SourceVersion "1"]
[SourceVersionDate "2021.10.06"]
[SourceQuality "1"]

1. e4 c5 2. Nf3 e6 3. d4 cxd4 4. Nxd4 a6 5. Bd3 Nc6 6. Nb3 Qc7 7. f4 d6 8. Nc3 Nf6 9. a3 Be7 10. Be3 b5 11. Qf3 Bb7 12. 0-0 0-0 13. Qh3 b4 14. e5 dxe5 15. Ne4 Nxe4 16. Bxe4 f5 17. Bd3 e4 18. Bc4 Nd8 19. Nd2 Bd5 20. b3 bxa3 21. g4 Bc5 22. gxf5 Rxf5 23. Kh1 g6 24. Rf2 Nb7 25. Rg1 Raf8 26. Bxa6 Bxe3 27. Qxe3 Rxf4 28. Rxf4 Qxf4 29. Qxf4 Rxf4 30. c4 Bc6 31. Bb5 Bxb5 32. cxb5 e3 33. Nc4 e2 34. Ne3 Rf1 35. Rxf1 exf1Q+ 36. Nxf1 a2 0-1

[Event "Gatineau TORO U1900"]
[Site "Gatineau"]
[Date "2013.06.08"]
[Round "3"]
[White "Lavergne, Daniel"]
[Black "Duplessis, Jean Roch"]
[Result "0-1"]
[WhiteElo "1833"]
[BlackElo "1700"]
[PlyCount "60"]
[EventDate "2013.06.07"]
[EventType "swiss"]
[EventRounds "5"]
[EventCountry "CAN"]
[SourceTitle "EXT 2022"]
[Source "ChessBase"]
[SourceDate "2021.10.06"]
[SourceVersion "1"]
[SourceVersionDate "2021.10.06"]
[SourceQuality "1"]

1. e4 c5 2. Nf3 Nc6 3. d4 cxd4 4. Nxd4 e5 5. Nb5 a6 6. N5c3 b5 7. Be3 Nf6 8. f3 d5 9. exd5 Nb4 10. a4 Bf5 11. Na3 Nbxd5 12. Nxd5 Nxd5 13. Bf2 Bb4+ 14. c3 Nxc3 15. bxc3 Bxc3+ 16. Ke2 Bxa1 17. Qxa1 0-0 18. Be3 b4 19. Nb1 Qd3+ 20. Kf2 Qxb1 21. Qxe5 Rfe8 22. Qf4 Qc2+ 23. Be2 Bd3 24. Re1 b3 25. Qd4 Rad8 26. Qg4 Rxe3 27. Kxe3 Re8+ 28. Kf2 Rxe2+ 29. Rxe2 Qxe2+ 30. Kg3 Qe5+ 0-1

[Event "Outaouais-ch Reserve"]
[Site "Gatineau"]
[Date "2013.05.07"]
[Round "4"]
[White "Piche, Guy"]
[Black "Lavergne, Daniel"]
[Result "1-0"]
[WhiteElo "1650"]
[BlackElo "1824"]
[PlyCount "101"]
[EventDate "2013.04.16"]
[EventType "swiss"]
[EventRounds "6"]
[EventCountry "CAN"]
[SourceTitle "EXT 2022"]
[Source "ChessBase"]
[SourceDate "2021.10.06"]
[SourceVersion "1"]
[SourceVersionDate "2021.10.06"]
[SourceQuality "1"]

1. f4 c5 2. Nf3 Nf6 3. b3 g6 4. Bb2 Bg7 5. e3 0-0 6. c4 Nc6 7. a3 d6 8. Be2 a6 9. 0-0 Qc7 10. Nc3 e5 11. Nd5 Nxd5 12. cxd5 Ne7 13. fxe5 dxe5 14. e4 Bd7 15. Rc1 Qd6 16. d3 Rac8 17. Nd2 b5 18. a4 f5 19. axb5 axb5 20. Ra1 Bh6 21. Nf3 Be3+ 22. Kh1 Bd4 23. Qd2 f4 24. Ra7 Rc7 25. Rfa1 Rfc8 26. R7a6 Nc6 27. dxc6 Bxc6 28. Bxd4 cxd4 29. Qa5 Qe7 30. Qd2 Bb7 31. R6a2 g5 32. Ne1 Qg7 33. Bg4 Rf8 34. Rc1 Rxc1 35. Qxc1 h5 36. Be6+ Kh8 37. Ra7 g4 38. Qc5 Re8 39. Bd5 Rc8 40. Qxc8+ Bxc8 41. Rxg7 Kxg7 42. Bc6 b4 43. Bb5 Be6 44. Bc4 Bxc4 45. dxc4 Kf6 46. Nd3 h4 47. Kg1 h3 48. gxh3 gxh3 49. Kf2 Ke6 50. Nxb4 Kd6 51. Nd3 1-0

[Event "Gatineau Nez Rouge"]
[Site "Gatineau"]
[Date "2012.12.18"]
[Round "5"]
[White "Groleau, Gilles"]
[Black "Lavergne, Daniel"]
[Result "0-1"]
[WhiteElo "1949"]
[BlackElo "1708"]
[PlyCount "90"]
[EventDate "2012.11.20"]
[EventType "swiss"]
[EventRounds "5"]
[EventCountry "CAN"]
[SourceTitle "EXT 2022"]
[Source "ChessBase"]
[SourceDate "2021.10.06"]
[SourceVersion "1"]
[SourceVersionDate "2021.10.06"]
[SourceQuality "1"]

1. e4 e5 2. Nf3 Nc6 3. Bb5 a6 4. Bxc6 dxc6 5. d4 exd4 6. Qxd4 Qxd4 7. Nxd4 Bd7 8. 0-0 Nf6 9. Nc3 Bc5 10. Be3 Ng4 11. Rad1 Nxe3 12. fxe3 f6 13. Na4 Ba7 14. b4 b5 15. Nc5 Bxc5 16. bxc5 0-0-0 17. Rd3 Rde8 18. Rf4 Re5 19. Ra3 Rhe8 20. Rxa6 Kb7 21. Ra3 Rxc5 22. Kf2 Rce5 23. Nb3 Kb6 24. Nd2 c5 25. c4 b4 26. Rb3 Ra8 27. Rb2 Bc6 28. Rf5 Rxf5+ 29. exf5 Be8 30. Nb1 Kc6 31. Kf3 Bf7 32. Nd2 Ra3 33. Rc2 Rc3 34. Rb2 Bxc4 35. Nxc4 Rxc4 36. g4 Rc1 37. h4 Kb5 38. Rd2 c4 39. Rd7 c5 40. Rxg7 c3 41. g5 fxg5 42. hxg5 c2 43. f6 Rf1+ 44. Kg4 c1Q 45. Rxh7 Qxe3 0-1

[Event "Gatineau Nez Rouge"]
[Site "Gatineau"]
[Date "2012.12.11"]
[Round "4"]
[White "Lavergne, Daniel"]
[Black "Desjardins, Michel"]
[Result "0-1"]
[WhiteElo "1708"]
[BlackElo "1887"]
[PlyCount "110"]
[EventDate "2012.11.20"]
[EventType "swiss"]
[EventRounds "5"]
[EventCountry "CAN"]
[SourceTitle "EXT 2022"]
[Source "ChessBase"]
[SourceDate "2021.10.06"]
[SourceVersion "1"]
[SourceVersionDate "2021.10.06"]
[SourceQuality "1"]

1. e4 d5 2. exd5 Qxd5 3. Nc3 Qd6 4. d4 Nf6 5. Bc4 a6 6. Nge2 b5 7. Bb3 Bb7 8. Bf4 Qb6 9. f3 e6 10. Qd3 Nbd7 11. a4 b4 12. a5 Qa7 13. Na4 Bd5 14. 0-0-0 Bxb3 15. Qxb3 Nd5 16. Rhe1 Be7 17. c4 bxc3 18. Naxc3 Rb8 19. Qa4 Qb7 20. Rd2 Bb4 21. Qa2 0-0 22. Red1 N7f6 23. Rc2 Bd6 24. Nxd5 Nxd5 25. Bd2 Bb4 26. Nc3 Bxc3 27. bxc3 c6 28. Rb2 Qc7 29. g3 Rxb2 30. Qxb2 Rb8 31. Qa3 Qb7 32. Kc2 Qb5 33. Re1 h6 34. Qa2 Nf6 35. c4 Qf5+ 36. Kc1 Qxf3 37. Qc2 Qa3+ 38. Kd1 Qa1+ 39. Ke2 Qxd4 40. Qd3 e5 41. Qxd4 exd4 42. Kd3 c5 43. Bf4 Rb3+ 44. Kc2 Rc3+ 45. Kd2 Rxc4 46. Re7 Nd5 47. Re8+ Kh7 48. Ra8 Nb4 49. Rc8 Rc2+ 50. Kd1 d3 51. Bd6 Nd5 52. Rxc5 Ne3+ 53. Ke1 d2+ 54. Kf2 d1Q+ 55. Rxc2 Nxc2 0-1

[Event "Gatineau Benevoles"]
[Site "Gatineau"]
[Date "2012.09.25"]
[Round "3"]
[White "Lavergne, Daniel"]
[Black "Gagnon, Fabien"]
[Result "1-0"]
[WhiteElo "1677"]
[BlackElo "1993"]
[PlyCount "79"]
[EventDate "2012.09.11"]
[EventType "swiss"]
[EventRounds "4"]
[EventCountry "CAN"]
[SourceTitle "EXT 2022"]
[Source "ChessBase"]
[SourceDate "2021.10.06"]
[SourceVersion "1"]
[SourceVersionDate "2021.10.06"]
[SourceQuality "1"]

1. e4 c5 2. Nf3 e6 3. d4 cxd4 4. Nxd4 a6 5. Bd3 Qc7 6. 0-0 Nf6 7. h3 b5 8. Qe2 Bb7 9. a4 b4 10. Nd2 d6 11. N4b3 Be7 12. Kh1 0-0 13. f4 Nbd7 14. Nf3 e5 15. fxe5 dxe5 16. Bg5 Nh5 17. Qf2 Bxg5 18. Nxg5 h6 19. Nf3 f5 20. Nbd2 Nc5 21. Bc4+ Kh7 22. Qh4 Qd8 23. Qxh5 fxe4 24. Nxe5 Qxd2 25. Qg6+ Kh8 26. Nf7+ Rxf7 27. Rxf7 Rg8 28. Rxb7 Nxb7 29. Bxg8 Kxg8 30. Qxe4 Nd6 31. Qe6+ Kh7 32. Rf1 Qd4 33. b3 a5 34. Re1 Qf2 35. Qe2 Qd4 36. Qd3+ Qxd3 37. cxd3 Nf5 38. Re5 Nd4 39. Rxa5 Nxb3 40. Rb5 1-0